| 000 | 00336nam a2200109Ia 4500 | ||
|---|---|---|---|
| 008 | 170221s9999 xx 000 0 und d | ||
| 100 | _aPaul Wangerin | ||
| 245 | 4 | _aThe Hierarchy of Priority | |
| 245 | _cPaul Wangerin | ||
| 650 | _xBusiness | ||
| 856 | _uhttp://digitalcommons.pepperdine.edu/cgi/viewcontent.cgi?article=1141&context=jbel | ||
| 999 |
_c307903 _d307903 |
||